00609cam a22001817a 4500003000500000005001700005008004100022010001000063011001000073035001000083040000900093100003600102245011800138260004100256300001000297502009000307650003000397CHAP20220329135110.0971013s1973 r 00010 d a30891 a31863 a35975 cCHAP00aCoto Vargas, Jesús Edilberto.13aUn método eficiente para la obtención de cultivos puros y directos de Phymatotrichum omnivorum (Shear) Duggar a(Monterrey, N.L.) :bEl autor,c1973 a65 h. aTesis (Ing. Agr. Fitotecnista) -- ITESM. Div. de Ciencias Agropecuarias y Marítimas14aPhymatotrichum omnivorum.